Astik darshanon mein mithyagyan ka swaroop (Record no. 74399)

MARC details
000 -LEADER
fixed length control field 00316nam a2200133Ia 4500
008 - FIXED-LENGTH DATA ELEMENTS--GENERAL INFORMATION
fixed length control field 230917s9999||||xx |||||||||||||| ||und||
040 ## - CATALOGING SOURCE
-- 158790
Original cataloging agency VIVEKANANDA LIBRARY
041 ## - Language
-- English
082 ## - DDC NUMBER
Classification number 181.4 S73A
100 ## - MAIN ENTRY--PERSONAL NAME
Personal name Sunita Devi
245 #0 - TITLE STATEMENT
Title Astik darshanon mein mithyagyan ka swaroop
300 ## - PHYSICAL DESCRIPTION
Pages 78 p.
942 ## - ADDED ENTRY ELEMENTS (KOHA)
Koha item type Thesis
Holdings
Withdrawn status Lost status Damaged status Not for loan Location (home branch) Sublocation or collection (holding branch) Date acquired Koha issues (times borrowed) Koha full call number Accession No. Koha date last seen Koha item type
        VIVEKANANDA LIBRARY VIVEKANANDA LIBRARY 28/07/2010   181.4 S73A 149129 17/09/2023 Thesis
© Designed and Maintained by Vivekananda Library, MDU Rohtak